000 00799nam a2200241 a 4500
001 000029914
005 20260312134858.0
008 110427s1995 dr 000 0 spa d
040 _aDO-SdBNP
_bspa
_cBNPHU
082 _a177
_bH831m,1995
100 1 _aHostos, Eugenio María de,
_d1839-1903
_91352
245 1 0 _aMoral social :
_b(fragmentos) /
_cEugenio María de Hostos.
250 _a2a. ed.
260 _aSanto Domingo :
_bUCE,
_c1995.
300 _a99, [11] p. ;
_c21 cm.
490 1 _aAntología de Nuestra Voz
_v52
500 _aEl título fue tomado de la cubierta
590 _aInventariado, 2019/VM
650 0 _aÉtica social
_91353
710 1 _aUniversidad Central del Este
_937229
830 0 _aAntología de Nuestra Voz
_n52
_956654
910 _aValidado. Control de calidad BNPHU
999 _c29406
_d29406